Vè xứ Quảng và chú giải Quyển 3
TM tài liệu tham khảo tr. 245 - 252; Gồm các câu vè về sự vật, vè thế sự về vùng đất Quảng Nam. Tập này gồm các câu vè về Lịch sử (tiếp): Vè chống thực dân, đế quốc.
সংরক্ষণ করুন:
| প্রধান লেখক: | |
|---|---|
| অন্যান্য লেখক: | |
| বিন্যাস: | গ্রন্থ |
| ভাষা: | Undetermined |
| প্রকাশিত: |
H.
Hội nhà văn
2016
|
| বিষয়গুলি: | |
| অনলাইন ব্যবহার করুন: | http://lrc.tdmu.edu.vn/opac/search/detail.asp?aID=2&ID=28341 |
| ট্যাগগুলো: |
ট্যাগ যুক্ত করুন
কোনো ট্যাগ নেই, প্রথমজন হিসাবে ট্যাগ করুন!
|
| Thư viện lưu trữ: | Trung tâm Học liệu Trường Đại học Thủ Dầu Một |
|---|
| LEADER | 01065nam a2200229Ia 4500 | ||
|---|---|---|---|
| 001 | TDMU_28341 | ||
| 008 | 210410s9999 xx 000 0 und d | ||
| 082 | |a 515 | ||
| 090 | |b V400 | ||
| 100 | |a Võ, Văn Hòe | ||
| 245 | 0 | |a Vè xứ Quảng và chú giải | |
| 245 | 0 | |c Võ Văn Hòe (s.t&c.giải) | |
| 245 | 0 | |n Quyển 3 | |
| 260 | |a H. | ||
| 260 | |b Hội nhà văn | ||
| 260 | |c 2016 | ||
| 300 | |a 255 tr. | ||
| 520 | |a TM tài liệu tham khảo tr. 245 - 252; Gồm các câu vè về sự vật, vè thế sự về vùng đất Quảng Nam. Tập này gồm các câu vè về Lịch sử (tiếp): Vè chống thực dân, đế quốc. | ||
| 650 | |a Văn hóa dân gian |x Vè |z Xứ Quảng (Quảng Nam - Việt Nam); Vè |z Xứ Quảng (Quảng Nam - Việt Nam) | ||
| 700 | |a Hội Văn nghệ dân gian Việt Nam | ||
| 856 | |u http://lrc.tdmu.edu.vn/opac/search/detail.asp?aID=2&ID=28341 | ||
| 980 | |a Trung tâm Học liệu Trường Đại học Thủ Dầu Một | ||